[Event "Challenge"]
[Site "http://www.queenalice.com/game.php?id=1758960"]
[Date "2021.5.9"]
[Round "-"]
[White "Antonella"]
[Black "wgjrl8"]
[Result "1-0"]
[WhiteElo "1119"]
[BlackElo "1673"]

1. Nf3 d5 2. d4 f6 3. a3 e5 4. e3 e4 5. Ng1 Bd7 6. Qh5+ g6 7. Qxd5 Bc6 8. Qb3
Ne7 9. Nc3 Nd7 10. f3 f5 11. fxe4 fxe4 12. Bb5 a6 13. Bxc6 bxc6 14. Nxe4 Nf5 15.
Qb7 Rb8 16. Qxc6 Rb6 17. Qc3 Qh4+ 18. Nf2 Bd6 19. Nf3 Qe7 20. Bd2 Rf8 21. e4 Nh4
22. Nxh4 Qxh4 23. Be3 Bf4 24. Bxf4 Qxf4 25. O-O Rbf6 26. Qf3 Qg5 27. Qe2 h5 28.
c3 h4 29. h3 Qg3 30. e5 Rf5 31. Ne4 Rxf1+ 32. Rxf1 Rxf1+ 33. Kxf1 Qf4+ 34. Qf3
Qc1+ 35. Kf2 Qxb2+ 36. Kg1 Qb1+ 37. Kh2 Qc1 38. e6 Nb6 39. Qf7+ Kd8 40. e7+ Kc8
41. e8=Q+ Kb7 42. Nc5+ 1-0

[Event "Challenge"]
[Site "http://www.queenalice.com/game.php?id=1760020"]
[Date "2021.5.20"]
[Round "-"]
[White "dosoldini"]
[Black "wgjrl8"]
[Result "1-0"]
[WhiteElo "1626"]
[BlackElo "1673"]

1. b3 d5 2. d4 f5 3. f4 Qd6 4. Nf3 g6 5. Bd2 Nc6 6. a3 Nf6 7. Ne5 Nxd4 8. e3 Nc6
9. Bc3 Be6 10. Bd3 O-O-O 11. O-O d4 12. Bb4 Nxb4 13. axb4 a6 14. Ra4 b5 15. Qf3
Bd5 16. Qe2 bxa4 17. Bc4 Nd7 18. Bxa6+ Bb7 19. Bxb7+ Kxb7 20. Nf7 Qf6 21. Nxd8+
Kc8 22. Qf3 Qa6 23. Nc6 dxe3 24. b5 Qb6 25. Qe2 Bh6 26. Nc3 e6 27. Nxa4 Qb7 28.
Qxe3 Qxb5 29. Na7+ Kd8 30. Nxb5 c6 31. Nd6 Ke7 32. Nc4 Rd8 33. Qa7 Kf6 34. Qd4+
Ke7 35. Qd6+ Kf7 36. Re1 Bxf4 37. Qxe6+ Kg7 38. Qe7+ Kh6 39. Qxd8 1-0

[Event "Challenge"]
[Site "http://www.queenalice.com/game.php?id=1761031"]
[Date "2021.5.30"]
[Round "-"]
[White "Antonella"]
[Black "wgjrl8"]
[Result "1-0"]
[WhiteElo "1145"]
[BlackElo "1672"]

1. c4 d5 2. cxd5 Qxd5 3. Nc3 Qa5 4. Qa4+ Nc6 5. Qxa5 Nxa5 6. e4 e5 7. Nf3 f6 8.
d4 exd4 9. Nxd4 Bc5 10. Be3 Nc4 11. Nd5 Nxe3 12. fxe3 Bd6 13. O-O-O a5 14. Bb5+
c6 15. Nc7+ Bxc7 16. Nxc6 Ne7 17. Ne5+ Nc6 18. Nxc6 bxc6 19. Bxc6+ Kf7 20. Bxa8
Be6 21. Bd5 Bb6 22. Bxe6+ Kxe6 23. Rd3 Ke5 24. Kd2 Kxe4 25. Rc1 Rd8 26. Rc4+ Kf5
27. Rc6 Rb8 28. Rb3 Rd8+ 29. Ke2 Ba7 30. Rb5+ Kg6 31. Rxa5 Bb8 32. g3 h5 33. Ra8
Bc7 34. Rxd8 Bxd8 35. b4 Kh7 36. a4 Be7 37. b5 h4 38. b6 hxg3 39. hxg3 f5 40. b7
1-0

[Event "Challenge"]
[Site "http://www.queenalice.com/game.php?id=1761924"]
[Date "2021.6.11"]
[Round "-"]
[White "dosoldini"]
[Black "wgjrl8"]
[Result "0-1"]
[WhiteElo "1685"]
[BlackElo "1655"]

1. c4 e5 2. Nc3 c6 3. g3 Nf6 4. Bh3 Bc5 5. Nf3 d6 6. Bxc8 Qxc8 7. h3 O-O 8. d4
e4 9. Nd2 Bxd4 10. Ncxe4 Qf5 11. O-O Nxe4 12. Nxe4 Qxe4 13. Qd3 d5 14. Qxd4 Qxd4
15. cxd5 Qxd5 16. Rb1 Nd7 17. Be3 Rad8 18. b3 Nf6 19. Kh2 Nh5 20. Rbc1 Rfe8 21.
g4 Qe5+ 0-1

[Event "Challenge"]
[Site "http://www.queenalice.com/game.php?id=1762960"]
[Date "2021.6.24"]
[Round "-"]
[White "dosoldini"]
[Black "wgjrl8"]
[Result "0-1"]
[WhiteElo "1571"]
[BlackElo "1642"]

1. e4 e5 2. Ne2 d5 3. d4 Be6 4. h3 Nc6 5. a3 Bd6 6. Nbc3 Nf6 7. g3 dxe4 8. Bg2
exd4 9. Nxd4 Nxd4 10. Qxd4 O-O 11. Bg5 c5 12. Qe3 Qb6 13. Rb1 Be7 14. Bxf6 Bxf6
15. b3 Bd4 16. Qd2 Bf5 17. Nxe4 Rae8 18. O-O Bxe4 19. Rbe1 Qh6 20. Qxh6 gxh6 21.
Bxe4 f5 22. Bd5+ Kh8 23. Bf3 Bc3 24. Rd1 Be5 25. c4 f4 26. Bh5 Re6 27. Rde1 fxg3
28. f4 Rxf4 29. Rxf4 Bd4+ 30. Kg2 Rxe1 31. Rf8+ Kg7 32. Rf1 Re3 33. Bf3 Rxb3 34.
Bd5 b6 35. Bf3 Rxa3 36. Kxg3 a5 37. Kg4 Ra4 38. Bd5 Ra3 39. Rf7+ Kh8 40. Be4 Be5
41. Rxh7+ Kg8 42. Rxh6 Rg3+ 43. Kf5 Bd4 44. Rxb6 a4 45. Bd5+ Kg7 46. h4 a3 47.
Rb7+ Kh6 48. Ra7 Rh3 49. Ke6 Kh5 50. Rh7+ Kg4 51. Ra7 Kxh4 52. Kf5 Re3 53. Rh7+
Kg3 54. Ra7 Kf2 55. Be4 Ke2 56. Re7 a2 57. Ra7 a1=Q 58. Rxa1 Bxa1 59. Kf4 Kd2
60. Kf5 Kc3 61. Bd5 Kd4 62. Kf4 Re7 0-1

[Event "Challenge"]
[Site "http://www.queenalice.com/game.php?id=1764619"]
[Date "2021.7.17"]
[Round "-"]
[White "Antonella"]
[Black "wgjrl8"]
[Result "1-0"]
[WhiteElo "1189"]
[BlackElo "1633"]

1. d4 d5 2. f4 f5 3. Nf3 Nf6 4. Nc3 c6 5. e3 e6 6. a3 Nbd7 7. a4 Bb4 8. h3 Ne4
9. Bd2 Ng3 10. Rh2 Nxf1 11. Kxf1 Nf6 12. Na2 Bxd2 13. Qxd2 Ne4 14. Qe1 O-O 15.
a5 b6 16. Nc1 Ba6+ 17. Kg1 Rf6 18. g4 Rg6 19. g5 h6 20. h4 e5 21. Nxe5 Re6 22.
h5 hxg5 23. Ncd3 Rh6 24. Ng6 gxf4 25. Ndxf4 Qg5+ 26. Rg2 Qf6 27. axb6 axb6 28.
Qb4 Be2 29. Rxa8+ Kh7 30. c3 Ng5 31. Nf8+ Kg8 32. Nd7+ Kh7 33. Nxf6+ gxf6 34.
Qe7+ 1-0

[Event "Challenge"]
[Site "http://www.queenalice.com/game.php?id=1765546"]
[Date "2021.7.28"]
[Round "-"]
[White "jjjcarvalho"]
[Black "wgjrl8"]
[Result "1-0"]
[WhiteElo "1497"]
[BlackElo "1655"]

1. e4 e5 2. Nf3 f6 3. d3 d5 4. exd5 Qxd5 5. Nc3 Qa5 6. Bd2 Ne7 7. Be2 Qb4 8. Rb1
Be6 9. Nd5 Qg4 10. Nxc7+ Kd8 11. Nxa8 Qxg2 12. Rg1 Qh3 13. c4 Nf5 14. Qa4 Nc6
15. b4 Nh4 16. Nxh4 Qxh2 17. Nf3 Qh3 18. b5 Nd4 19. Ba5+ Ke7 20. Nxd4 exd4 21.
Bb4+ Kf7 22. Bxf8 Rxf8 23. Nc7 Qh2 24. Kd2 Qxc7 25. Qxa7 Qf4+ 26. Ke1 Qb8 27.
Qxb8 Rxb8 28. Bf3 g5 29. a4 b6 30. Bd5 Bxd5 31. cxd5 Rd8 32. Rc1 Rxd5 33. Rc6
Re5+ 34. Kf1 Re6 35. Rxe6 Kxe6 36. Rh1 g4 37. Rxh7 f5 38. Rb7 f4 39. Rxb6+ Kd5
40. a5 Kc5 41. Rb8 g3 42. a6 1-0

[Event "Challenge"]
[Site "http://www.queenalice.com/game.php?id=1769490"]
[Date "2021.9.11"]
[Round "-"]
[White "Antonella"]
[Black "wgjrl8"]
[Result "1-0"]
[WhiteElo "1260"]
[BlackElo "1614"]

1. d4 d5 2. Nc3 e6 3. e3 Bd6 4. f4 Bd7 5. a3 Nf6 6. Bd3 c5 7. Nf3 Ng4 8. e4 cxd4
9. Nxd4 Qb6 10. Qxg4 Qxd4 11. exd5 exd5 12. Qe2+ Be7 13. Be3 Qf6 14. Nxd5 Qxb2
15. O-O Nc6 16. Nc7+ Kf8 17. Nxa8 Nd4 18. Qf2 Nf5 19. Bxa7 Bh4 20. g3 Ke7 21.
Bc5+ Kf6 22. Nb6 Bb5 23. Bxb5 Qc3 24. gxh4 Nxh4 25. Qxh4+ Ke6 26. Qe7+ Kf5 27.
Qe5+ Qxe5 28. fxe5+ Kxe5 29. Rxf7 Ke6 30. Rxg7 Kf6 31. Rxb7 Rg8+ 32. Kh1 Rg7 33.
Rxg7 1-0

[Event "Challenge"]
[Site "http://www.queenalice.com/game.php?id=1770164"]
[Date "2021.9.18"]
[Round "-"]
[White "dosoldini"]
[Black "wgjrl8"]
[Result "0-1"]
[WhiteElo "1471"]
[BlackElo "1603"]

1. d4 d5 2. Nc3 Nf6 3. f3 e6 4. Bf4 Bd6 5. Nh3 h6 6. Qd2 Bd7 7. Qe3 Nc6 8. Bxd6
cxd6 9. a3 Qb6 10. b4 Nxd4 11. Rd1 Nxc2+ 0-1

[Event "Challenge"]
[Site "http://www.queenalice.com/game.php?id=1770546"]
[Date "2021.9.23"]
[Round "-"]
[White "jjjcarvalho"]
[Black "wgjrl8"]
[Result "1-0"]
[WhiteElo "1587"]
[BlackElo "1584"]

1. e4 e5 2. Nf3 f6 3. d3 d5 4. exd5 Qxd5 5. Nc3 Qa5 6. Bd2 Be6 7. Be2 Bd6 8. Ne4
Bb4 9. b3 Nc6 10. O-O O-O-O 11. c4 Nge7 12. a3 Bxd2 13. Nexd2 Rd7 14. b4 Qb6 15.
c5 Qb5 16. d4 Bc4 17. Bxc4 Qxc4 18. Nxc4 exd4 19. b5 Ne5 20. Nfxe5 Rd5 21. Nd3
Re8 22. Qg4+ Kb8 23. Qxg7 Rg8 24. Qxe7 Rdg5 25. g3 R5g7 26. Qxf6 Rg6 27. Qxd4 h5
28. b6 axb6 29. cxb6 cxb6 30. Nxb6 Rxb6 31. Qxb6 Rc8 32. Rfb1 Rc7 33. Rc1 h4 34.
Qxc7+ 1-0

[Event "Challenge"]
[Site "http://www.queenalice.com/game.php?id=1771885"]
[Date "2021.10.10"]
[Round "-"]
[White "wgjrl8"]
[Black "Wolle"]
[Result "0-1"]
[WhiteElo "1568"]
[BlackElo "1681"]

1. e4 e5 2. d4 Bd6 3. d5 Nf6 4. f3 O-O 5. Nc3 b6 6. Nb5 Ba6 7. c4 Bb4+ 8. Bd2
Bc5 9. Bd3 c6 10. dxc6 dxc6 11. Qb3 cxb5 12. cxb5 Bc8 13. Ne2 Qd6 14. O-O-O Be6
15. Bc4 Bxc4 16. Qxc4 Rc8 17. Rhe1 Qf8 18. Bc3 Bf2 19. Qd3 Bxe1 20. Rxe1 Nbd7
21. g4 Nc5 22. Qe3 a5 23. Bxe5 Nd3+ 24. Kb1 Nxe1 25. Ng1 Ng2 26. Qxb6 Qc5 27.
Bd4 Qc1# 0-1

[Event "Challenge"]
[Site "http://www.queenalice.com/game.php?id=1772634"]
[Date "2021.10.19"]
[Round "-"]
[White "jjjcarvalho"]
[Black "wgjrl8"]
[Result "1-0"]
[WhiteElo "1625"]
[BlackElo "1557"]

1. d4 d5 2. Nf3 f6 3. e3 e6 4. c4 Ne7 5. cxd5 Qxd5 6. Nc3 Qc6 7. Bd3 Bd7 8. O-O
Ng6 9. Re1 e5 10. dxe5 fxe5 11. e4 Nf4 12. Bxf4 exf4 13. Bb5 Qc5 14. Bxd7+ Nxd7
15. Rc1 Be7 16. Nd5 Qd6 17. Nxe7 Qxe7 18. Rxc7 Rd8 19. Qa4 a6 20. Rxb7 Rf8 21.
Qxa6 Nc5 22. Rxe7+ Kxe7 23. Qa7+ Nd7 24. Rd1 Rfe8 25. Ne5 Kf8 26. Nxd7+ Rxd7 27.
Qxd7 Rxe4 28. Qf5+ Ke7 29. Qxe4+ 1-0

[Event "Challenge"]
[Site "http://www.queenalice.com/game.php?id=1773129"]
[Date "2021.10.25"]
[Round "-"]
[White "dosoldini"]
[Black "wgjrl8"]
[Result "1-0"]
[WhiteElo "1513"]
[BlackElo "1544"]

1. e4 e5 2. Nc3 c6 3. a3 d5 4. Be2 d4 5. Na4 Qf6 6. Nf3 Nh6 7. h3 Be6 8. d3 Be7
9. Bg5 Qg6 10. Qd2 f6 11. Nh4 Qf7 12. Bxh6 gxh6 13. Qd1 Qg7 14. Bh5+ Bf7 15. g3
Nd7 16. Nf5 Qg5 17. Bg4 b5 18. h4 Qg8 19. Nxh6 Qf8 20. Nxf7 Qxf7 21. Bh5 Rf8 22.
Bxf7+ Rxf7 23. Qd2 bxa4 24. f4 f5 25. O-O-O fxe4 26. dxe4 Nc5 27. Qa5 Nxe4 28.
Qe1 Nxg3 29. Qxg3 e4 30. Rxd4 c5 31. Rxe4 Rd8 32. Qg5 Rd4 33. Re6 Rd7 34. Qh5
Rd6 35. Re5 Rf6 36. Rd1 Rxf4 37. Rde1 Rxh4 38. Qxh4 Kf8 39. Qh3 c4 40. Qc8+ Kg7
41. Rg1+ Kh6 42. Qh3+ 1-0

[Event "Challenge"]
[Site "http://www.queenalice.com/game.php?id=1774852"]
[Date "2021.11.15"]
[Round "-"]
[White "wgjrl8"]
[Black "Wolle"]
[Result "0-1"]
[WhiteElo "1541"]
[BlackElo "1689"]

1. e4 e5 2. d4 exd4 3. Qxd4 Nc6 4. Qc4 Nf6 5. f3 d5 6. exd5 Nxd5 7. Qe4+ Be7 8.
Nc3 Nf6 9. Qe3 O-O 10. Nge2 Bf5 11. Nf4 Re8 12. Bc4 Bc5 13. Qe2 Rxe2+ 14. Ncxe2
Qe7 15. Bd2 Be3 16. O-O-O a6 17. Nd5 Nxd5 18. Bxd5 Qg5 19. f4 Qe7 20. Rhe1 Rd8
21. Ng3 Bxd2+ 22. Kxd2 Rxd5+ 23. Kc1 Rxd1+ 24. Rxd1 Be6 25. a3 Ba2 26. Nf5 Qe4
27. Ne7+ Qxe7 28. b4 Qe2 29. Rd2 Qf1+ 30. Kb2 Be6 31. g3 b5 32. a4 bxa4 33. b5
axb5 34. h4 Qh3 35. f5 Qxf5 36. Kc1 a3 37. c3 a2 38. Kb2 Qb1+ 39. Ka3 Qc1+ 40.
Rb2 Qxc3+ 41. Rb3 Qxb3# 0-1

[Event "Challenge"]
[Site "http://www.queenalice.com/game.php?id=1776854"]
[Date "2021.12.11"]
[Round "-"]
[White "dosoldini"]
[Black "wgjrl8"]
[Result "0-1"]
[WhiteElo "1473"]
[BlackElo "1527"]

1. e4 e5 2. Nc3 c6 3. Nf3 d6 4. Be2 Nf6 5. h3 d5 6. Nxe5 Be6 7. d4 Bb4 8. Bd2
dxe4 9. Nxe4 Qxd4 10. Nxf6+ gxf6 11. Nd3 c5 12. c3 Qd5 13. O-O Bxh3 14. Nf4 Qc6
15. Nxh3 Rg8 16. Bg4 f5 17. Re1+ Kf8 18. Bxf5 Qxg2# 0-1

[Event "Challenge"]
[Site "http://www.queenalice.com/game.php?id=1778378"]
[Date "2021.12.27"]
[Round "-"]
[White "Wolle"]
[Black "wgjrl8"]
[Result "1-0"]
[WhiteElo "1702"]
[BlackElo "1531"]

1. e4 e5 2. Nf3 Nc6 3. Bc4 Nh6 4. d4 exd4 5. Nxd4 Qf6 6. c3 d6 7. Nxc6 bxc6 8.
O-O Qg6 9. Qf3 Be6 10. Be2 Be7 11. e5 d5 12. Qh5 Qe4 13. Nd2 Qf5 14. Qxf5 Nxf5
15. a3 O-O 16. a4 f6 17. f4 fxe5 18. fxe5 Ne3 19. Rf3 Nc2 20. Ra2 Rf7 21. b3 Ne1
22. Rxf7 Bxf7 23. Kf1 Nxg2 24. Kxg2 d4 25. cxd4 Bd5+ 26. Bf3 Rf8 27. Rb2 Rf4 28.
Bxd5+ cxd5 29. Nf3 Rg4+ 30. Kh3 Rg6 31. b4 c6 32. b5 Ba3 33. Rc2 Be7 34. bxc6
Bd8 35. c7 Bxc7 36. Rxc7 a6 37. Bd2 Re6 38. Ng5 Rh6+ 39. Kg3 Rg6 40. Rc8# 1-0

[Event "Challenge"]
[Site "http://www.queenalice.com/game.php?id=1779336"]
[Date "2022.1.6"]
[Round "-"]
[White "dosoldini"]
[Black "wgjrl8"]
[Result "0-1"]
[WhiteElo "1487"]
[BlackElo "1522"]

1. d4 d5 2. Bd2 Bf5 3. Nf3 f6 4. Bf4 e6 5. Nc3 c6 6. Bd2 Bd6 7. g3 Ne7 8. Bg2
Nd7 9. a3 O-O 10. h3 Be4 11. O-O Nf5 12. g4 Bxf3 13. gxf5 Bxg2 14. Kxg2 exf5 15.
e3 Qe8 16. Ne2 Qe4+ 17. f3 Qh4 18. Be1 Qg5+ 19. Bg3 f4 20. Qe1 fxg3 21. Nxg3
Rae8 22. h4 Qxh4 23. f4 Qg4 24. Qf2 h5 25. Rh1 h4 26. Rh3 hxg3 27. Rxg3 Qh5 28.
Rh1 Qf5 29. Kg1 Kf7 30. Qe2 Qe4 31. Qh5+ g6 32. Qh7+ Ke6 33. Qh3+ Qf5 34. Qg2
Nb6 35. Rxg6 Nc4 36. c3 Qb1+ 37. Kf2 Qc2+ 38. Kf3 Qe4+ 39. Kg3 Qxe3+ 40. Qf3
Bxf4+ 41. Kg4 Nxb2 42. Qxe3+ Bxe3 43. Rg7 Rf7 44. Rg6 Kd7 45. Rb1 f5+ 46. Kf3
Nc4 47. Rxb7+ Kc8 48. Rxf7 Bd2 49. Rxc6+ Kb8 50. Rxf5 Rd8 51. Rf7 Bxc3 52. Ra6
Bxd4 53. Ke2 Re8+ 54. Kd3 Bc5 0-1

[Event "Challenge"]
[Site "http://www.queenalice.com/game.php?id=1780868"]
[Date "2022.1.19"]
[Round "-"]
[White "tikar15"]
[Black "wgjrl8"]
[Result "1-0"]
[WhiteElo "1398"]
[BlackElo "1546"]

1. d4 d5 2. h3 Nf6 3. Nf3 Ne4 4. e3 Bf5 5. Bd3 e6 6. a3 Nc6 7. Bxe4 dxe4 8. Ne5
Nxe5 9. dxe5 Qg5 10. g4 Rd8 11. Qe2 Bg6 12. Bd2 Qxe5 13. Nc3 Bc5 14. O-O-O O-O
15. Na4 Bd6 16. Bc3 Qxc3 17. Nxc3 Rd7 18. Nb5 Rfd8 19. h4 f6 20. Qc4 a6 21. Nxd6
cxd6 22. Qxe6+ Bf7 23. Qxe4 d5 24. Qf4 b5 25. h5 h6 26. e4 d4 27. e5 fxe5 28.
Qxe5 Ba2 29. f4 d3 30. Rxd3 Rd5 31. Rxd5 Bxd5 32. Rd1 b4 33. Rxd5 Rxd5 34. Qxd5+
Kf8 35. axb4 1-0

[Event "Challenge"]
[Site "http://www.queenalice.com/game.php?id=1780869"]
[Date "2022.1.19"]
[Round "-"]
[White "wgjrl8"]
[Black "tikar15"]
[Result "1-0"]
[WhiteElo "1537"]
[BlackElo "1370"]

1. e4 e5 2. d3 h6 3. Be3 Nf6 4. Nf3 Nc6 5. a3 d5 6. d4 dxe4 7. Nxe5 Nxe5 8. dxe5
Nd5 9. Nd2 Qe7 10. Bd4 b6 11. Nxe4 Bf5 12. Bb5+ Bd7 13. Qe2 a6 14. Bxa6 Nf4 15.
Qc4 Nxg2+ 16. Kd2 Qh4 17. Qd3 Qf4+ 18. Be3 Nxe3 19. fxe3 Qxe5 20. Bb7 Ra5 21.
Qc4 Bc5 22. b4 Be6 23. Qd3 Bxb4+ 24. axb4 Rb5 25. Ra8+ Ke7 26. Rxh8 Bd5 27. Qxb5
Qxe4 28. Re8+ 1-0

[Event "Challenge"]
[Site "http://www.queenalice.com/game.php?id=1783963"]
[Date "2022.3.3"]
[Round "-"]
[White "Wolle"]
[Black "wgjrl8"]
[Result "0-1"]
[WhiteElo "1732"]
[BlackElo "1509"]

1. e4 e5 2. Nf3 f6 3. Bc4 Nc6 4. d4 exd4 5. Nxd4 Nxd4 6. Qxd4 Ne7 7. Nc3 d6 8.
h3 Nc6 9. Qd5 Ne5 10. Bb3 c6 11. Qd1 Qa5 12. O-O Bd7 13. Bd2 Qc5 14. Be3 Qb4 15.
a3 Qa5 16. Bd2 Qc7 17. f4 Ng6 18. Qh5 O-O-O 19. f5 Ne5 20. Be3 c5 21. Be6 g6 22.
Bxd7+ Qxd7 23. fxg6 Nc4 24. Bh6 hxg6 25. Qxg6 Bxh6 26. Qxf6 Nd2 27. Rf2 Be3 28.
e5 Rhg8 29. e6 Nf3+ 30. Kf1 Qg7 31. Qxf3 Bxf2 32. Kxf2 Rdf8 33. Re1 Qxg2+ 0-1

[Event "Challenge"]
[Site "http://www.queenalice.com/game.php?id=1784013"]
[Date "2022.3.4"]
[Round "-"]
[White "dosoldini"]
[Black "wgjrl8"]
[Result "1-0"]
[WhiteElo "1539"]
[BlackElo "1524"]

1. d4 d5 2. Nc3 e6 3. Nf3 Nc6 4. Bf4 Be7 5. a3 Bf6 6. e3 Nge7 7. Bd3 b6 8. g4 g5
9. Bxg5 Ng6 10. Bf4 Nxf4 11. exf4 Nxd4 12. Nxd4 Bxd4 13. Bb5+ c6 14. Bxc6+ Bd7
15. Bxa8 Qxa8 16. Qxd4 Rg8 17. f5 exf5 18. Nxd5 fxg4 19. Nc7+ Ke7 20. Nd5+ Kf8
21. O-O-O Rg5 22. Nf6 Rd5 23. Nxd5 Bf5 24. Qh8# 1-0

[Event "Challenge"]
[Site "http://www.queenalice.com/game.php?id=1786403"]
[Date "2022.4.6"]
[Round "-"]
[White "wgjrl8"]
[Black "Retraiteactive"]
[Result "0-1"]
[WhiteElo "1534"]
[BlackElo "1935"]

1. d4 d5 2. Nc3 e6 3. e4 Nf6 4. e5 Nfd7 5. Bd2 c5 6. Be3 Nc6 7. Nb5 cxd4 8. Bxd4
Ndxe5 9. f4 Nd7 10. Nf3 a6 11. Nd6+ Bxd6 12. Bxg7 Rg8 13. Be5 Ncxe5 14. fxe5
Nxe5 15. Nxe5 Bxe5 16. c3 Qd6 17. Qh5 Rg7 18. O-O-O Bf4+ 19. Kb1 Bd7 20. Bd3
O-O-O 21. g3 Be5 22. Rhe1 Bf6 23. Be4 Qf8 24. Bxd5 exd5 25. Qxd5 Be6 26. Qh5
Rxd1+ 27. Qxd1 Rg5 28. Rxe6 fxe6 29. Qd3 Rd5 30. Qxh7 Be7 31. a3 Qf1+ 32. Ka2
Qc4+ 33. Kb1 Qd3+ 34. Qxd3 Rxd3 35. Kc2 Rf3 36. Kb3 Bd6 37. g4 Bxh2 38. g5 Rg3
39. Kb4 Rxg5 40. c4 Bd6+ 41. Kb3 Rg3+ 42. Ka4 e5 43. b4 e4 44. c5 Bc7 45. b5
axb5+ 46. Kxb5 e3 47. c6 bxc6+ 48. Kxc6 e2 49. a4 e1=Q 0-1

[Event "Challenge"]
[Site "http://www.queenalice.com/game.php?id=1787306"]
[Date "2022.4.19"]
[Round "-"]
[White "wgjrl8"]
[Black "dosoldini"]
[Result "1-0"]
[WhiteElo "1532"]
[BlackElo "1594"]

1. e4 e5 2. d4 d5 3. f3 Nc6 4. c3 Be7 5. Bb5 Bd7 6. exd5 Na5 7. Qa4 c6 8. dxc6
bxc6 9. Bd3 Nf6 10. dxe5 c5 11. Qf4 Nh5 12. Qe4 Bc6 13. Qg4 Qxd3 14. Qxh5 Rd8
15. e6 Qd1+ 16. Kf2 Bd5 17. Qxf7# 1-0

[Event "Challenge"]
[Site "http://www.queenalice.com/game.php?id=1790082"]
[Date "2022.6.4"]
[Round "-"]
[White "wgjrl8"]
[Black "Leanne"]
[Result "1-0"]
[WhiteElo "1550"]
[BlackElo "1312"]

1. d4 d5 2. e3 Nf6 3. f3 e6 4. Nc3 Be7 5. Nge2 O-O 6. Nf4 Bb4 7. a3 Ba5 8. b4 c5
9. bxa5 Qxa5 10. Bb2 Nc6 11. Bb5 Bd7 12. dxc5 Ne7 13. Bxd7 Nxd7 14. O-O Qxc5 15.
Qd3 g6 16. Na4 Ne5 17. Bxe5 Qc4 18. Rab1 Nf5 19. Nb2 Qxd3 20. Nbxd3 1-0

[Event "Challenge"]
[Site "http://www.queenalice.com/game.php?id=1790932"]
[Date "2022.6.15"]
[Round "-"]
[White "jjjcarvalho"]
[Black "wgjrl8"]
[Result "1-0"]
[WhiteElo "1845"]
[BlackElo "1556"]

1. d4 d5 2. Nf3 f6 3. Nc3 c6 4. Bf4 e5 5. dxe5 fxe5 6. Bxe5 Nd7 7. Bg3 Bc5 8. e3
Ngf6 9. Bd3 O-O 10. a3 Qb6 11. b4 Bxb4 12. axb4 Qxb4 13. Qd2 d4 14. Nxd4 Nc5 15.
O-O Nfe4 16. Bxe4 Nxe4 17. Qd3 Nxc3 18. Be5 Bf5 19. Nxf5 Rad8 20. Qxc3 Qxc3 21.
Bxc3 Rxf5 22. Rxa7 Rf7 23. h3 g6 24. g4 Rdf8 25. Ra4 Rf3 26. Kg2 h5 27. Rb4 b5
28. Rd4 c5 29. Rd5 hxg4 30. hxg4 b4 31. Be5 c4 32. Rb5 R3f7 33. Rxb4 Re7 34. Bd6
Ref7 35. Bxf8 Rxf8 36. Rxc4 1-0